000 00608nam a22002297a 4500
003 UA-OsUOA
001 70473
007 ta
008 20100906b un ||||| |||| 00| 0 ukr d
100 _aГарсиа Лорка Франсиско
090 _a821.161.1
_bГ21
942 _cBK
040 _aUA-OsUOA
_brus
_cUA-OsUOA
_dUA-OsUOA
245 _aФедерико и его мир
300 _a520 с.
955 _a3
041 _arus
080 _a821.161.1
260 _aМ.
_bРадуга
_c1987
650 7 _a82 Література. Літературознавство
_2UDC
999 _c356744
_d356744